| 000 | 00439nam a22001577a 4500 | ||
|---|---|---|---|
| 020 | _a9780230549302 | ||
| 050 |
_aHD59 _b.D38 2007 |
||
| 100 | _aDavis, Anthony | ||
| 245 |
_aMastering public relations _c Anthony Davis |
||
| 250 | _a2nd ed. | ||
| 260 |
_aBasingstoke : _bPalgrave Macmillan, _c2007. |
||
| 300 | _axviii, 233p.: | ||
| 500 | _aincludes table of contents, references and index. | ||
| 650 | _vPublic relations. | ||
| 942 | _cGEN | ||
| 999 |
_c3391 _d3391 |
||